00510nam a2200181Ia 4500008004100000020001800041082000800059100003100067245003100098250000600129260003300135300001000168500002400178650001200202942000700214952009000221999001700311230524s9999 xx 000 0 und d a9789327225266 bPAN aSambhu Prasad Panda942105 0aDatabase Management System a1 aNew Delhibkalyani pubc2012 a360p; aQuantity Number: 1 aComp-Sc cBK 00104070aTATCLbTATCLcGENd2023-05-24l0o PANp53936r2023-05-24w2023-05-24yBK c56510d56510